Electrochemical Activity of Glutathione at a Graphite Electrode Modified with Gold Nanoparticles; Oriental journal of chemistry; Vol. 31, № 2

Bibliografiske detaljer
Parent link:Oriental journal of chemistry: Research Journal
Vol. 31, № 2.— 2015.— [P. 837-844]
Institution som forfatter: Национальный исследовательский Томский политехнический университет (ТПУ) Институт физики высоких технологий (ИФВТ) Кафедра общей химии и химической технологии (ОХХТ)
Andre forfattere: Perevezentseva D. O. Dariya Olegovna, Skirdin K. V. Kirill Vyacheslavovich, Gorchakov E. V., Bimatov V. I.
Summary:Title screen
The electrochemical activity of the glutathione (GSH) at the graphite electrodes modified with gold nanoparticles (AuNP-GCE) is formed under the ratio of reactants and in solutions of supporting electrolytes of 0, 1 M NaOH, 0,1 “ phosphate buffer (pH 6.86), 0,1 M HCl, 0,1 M NaClO4 is studied by the method of cyclic voltammetry. The dependence of the electrochemical activity of GSH on ratio of reagents HAuCl4 :Na3 C6 H5 O7 :NaBH4 , used to the preparation of sols, and the modification time of the GE surface with gold nanoparticles have been studied. The “inverse” cathodic peak of GSH at AuNPGCE formed in the reaction mixture HAuCl4 :Na3 C6 H5 O7 :NaBH4 = 1:1:4 is observed on the cathodic branch of cyclic voltammogram at Ec = 0.05 V in 0.1 M NaOH. The mechanism of electrochemical oxidation of the GSH on the surface of AuNP-GCE in 0.1 M NaOH is proposed.
Sprog:engelsk
Udgivet: 2015
Fag:
Online adgang:http://earchive.tpu.ru/handle/11683/35972
http://dx.doi.org/10.13005/ojc/310226
Format: MixedMaterials Electronisk Book Chapter
KOHA link:https://koha.lib.tpu.ru/cgi-bin/koha/opac-detail.pl?biblionumber=644678

MARC

LEADER 00000nla0a2200000 4500
001 644678
005 20250317134825.0
035 |a (RuTPU)RU\TPU\network\9762 
035 |a RU\TPU\network\5184 
090 |a 644678 
100 |a 20151126d2015 k||y0rusy50 ba 
101 0 |a eng 
102 |a IN 
135 |a drcn ---uucaa 
181 0 |a i  
182 0 |a b 
200 1 |a Electrochemical Activity of Glutathione at a Graphite Electrode Modified with Gold Nanoparticles  |f D. O. Perevezentseva [et al.] 
203 |a Text  |c electronic 
300 |a Title screen 
320 |a [References: p. 842-844 (27 tit.)] 
330 |a The electrochemical activity of the glutathione (GSH) at the graphite electrodes modified with gold nanoparticles (AuNP-GCE) is formed under the ratio of reactants and in solutions of supporting electrolytes of 0, 1 M NaOH, 0,1 “ phosphate buffer (pH 6.86), 0,1 M HCl, 0,1 M NaClO4 is studied by the method of cyclic voltammetry. The dependence of the electrochemical activity of GSH on ratio of reagents HAuCl4 :Na3 C6 H5 O7 :NaBH4 , used to the preparation of sols, and the modification time of the GE surface with gold nanoparticles have been studied. The “inverse” cathodic peak of GSH at AuNPGCE formed in the reaction mixture HAuCl4 :Na3 C6 H5 O7 :NaBH4 = 1:1:4 is observed on the cathodic branch of cyclic voltammogram at Ec = 0.05 V in 0.1 M NaOH. The mechanism of electrochemical oxidation of the GSH on the surface of AuNP-GCE in 0.1 M NaOH is proposed. 
461 |t Oriental journal of chemistry  |o Research Journal 
463 |t Vol. 31, № 2  |v [P. 837-844]  |d 2015 
610 1 |a электронный ресурс 
610 1 |a труды учёных ТПУ 
610 1 |a графитовые электроды 
610 1 |a наночастицы 
610 1 |a вольтамперометрия 
610 1 |a глутатионы 
610 1 |a graphite electrode 
610 1 |a gold nanoparticles 
610 1 |a cyclic voltammetry 
610 1 |a glutathione 
701 1 |a Perevezentseva  |b D. O.  |c Chemist  |c Associate Professor of Tomsk Polytechnic University, Candidate of chemical sciences  |f 1979-  |g Dariya Olegovna  |3 (RuTPU)RU\TPU\pers\33799  |9 17397 
701 1 |a Skirdin  |b K. V.  |c chemical technologist  |c Assistant Scientific and Educational Center N. M. Kizhner  |f 1995-  |g Kirill Vyacheslavovich  |9 88494 
701 1 |a Gorchakov  |b E. V. 
701 1 |a Bimatov  |b V. I. 
712 0 2 |a Национальный исследовательский Томский политехнический университет (ТПУ)  |b Институт физики высоких технологий (ИФВТ)  |b Кафедра общей химии и химической технологии (ОХХТ)  |3 (RuTPU)RU\TPU\col\21253 
801 2 |a RU  |b 63413507  |c 20170112  |g RCR 
856 4 |u http://earchive.tpu.ru/handle/11683/35972 
856 4 |u http://dx.doi.org/10.13005/ojc/310226 
942 |c CF